Foot : Les meilleurs buteurs en Copa America depuis 1995 - Statistiques

Statistiques générales
  • Ce quiz a été pris 77 fois
  • Le résultat moyen est 5 sur 10
Statistiques - réponses
But Nationalité Joueur % Correct
13 Argentine Lionel Messi
100%
10 Brésil Ronaldo
86%
7 Uruguay Luis Suarez
84%
9 Argentine Sergio Aguero
57%
7 Argentine Gonzalo Higuain
48%
9 Mexique Luis Hernandez
46%
7 Brésil Adriano
32%
14 Chili Eduardo Vargas
30%
7 Brésil Robinho
16%
14 Perou Paolo Guerrero
12%
Aucun quiz correspondant
Distribution des résultats
% des personnes avec chaque résultat
Percentile par nombre de réponses
Votre historique - résultats
Vous n’avez pas pris ce quiz